000 00475nam a2200181Ia 4500
005 20250326141126.0
008 250326s9999 xx 000 0 und d
037 _aTextbook
040 _aFMSL
_beng
_cFMSL
041 _aeng
_2eng
084 _qFMSL
100 _aPareek Udai
245 0 _aTraining instruments for human resource development
_cPareek Udai
260 _aTata
_bTata, McGraw Hill
_c1997
300 _a647p
942 _cTB
999 _c1288810
_d1288810